| 000 | 01034nam a22002897a 4500 | ||
|---|---|---|---|
| 001 | 9459 | ||
| 003 | FISKH | ||
| 005 | 20260113113802.0 | ||
| 008 | 260113b cb ||||| |||| 00| 0 eng d | ||
| 020 | _a0713619740 | ||
| 040 |
_aFISKH _beng _cFISKH _dFISKH |
||
| 050 | _a E99 E .A | ||
| 082 | _a998.200497 | ||
| 100 | _aAlexander , Bryan | ||
| 245 |
_aEskimo boy ( Beans ) / _cBy Bryan & Cherry Alexander |
||
| 260 |
_aLondon : _bAdam & Charles Black , _c1979 . |
||
| 300 |
_a23 pages : _bcolor illustrations ; _c21 cm . |
||
| 505 | _aQ | ||
| 520 | _aA set of study prints looking at the life of Otto Simigak and his family in north-west Greenland, accompanied by a teacher's guide with suggested activities | ||
| 521 | 8 |
_a660
_bLexile estimate |
|
| 521 | 8 |
_aQ
_bRaz-Plus |
|
| 650 |
_aEskimos-Greenland _vChildren Juvenile Literature |
||
| 650 |
_aEskimos-Greenland- Social life and customs _v Juvenile Literature |
||
| 700 |
_aAlexander , Cherry _eIllustrator |
||
| 942 |
_2ddc _cBK _n0 |
||
| 999 |
_c9459 _d9459 |
||